| 000 | 00349nam a2200145Ia 4500 | ||
|---|---|---|---|
| 008 | 150201s1990 xx 000 0 und d | ||
| 082 |
_a616.07 _bI1990S |
||
| 100 | _aSOOD RAMNIK | ||
| 245 | _aILLUSTRATED PATHOLOGY | ||
| 250 | _a1ST | ||
| 260 |
_bJAYPEE MEDICAL PUBLISHER _aDELHI _c1990 |
||
| 300 | _a1-672 | ||
| 650 | _aPATHOLOGY | ||
| 942 |
_2ddc _cBK |
||
| 999 |
_c2974 _d2974 |
||